[Event "19th Open"]
[Site "Kavala GRE"]
[Date "2010.08.01"]
[Round "3"]
[White "Atalik,E"]
[Black "Yakovich,Yur"]
[Result "0-1"]
[WhiteElo "2444"]
[BlackElo "2570"]

1.d4 d5 2.c4 e6 3.Nc3 c6 4.e3 Nf6 5.Nf3 Nbd7 6.Bd3 dxc4 7.Bxc4 b5 8.Bd3 a6
9.e4 c5 10.d5 c4 11.dxe6 fxe6 12.Bc2 Qc7 13.O-O Bc5 14.e5 Nxe5 15.Bf4 Bd6
16.Ne4 Nxf3+ 17.Qxf3 Bxf4 18.Nxf6+ gxf6 19.Qxa8 Bxh2+ 20.Kh1 Be5 21.Rab1 O-O
22.Qe4 f5 23.Qe3 Rf6 24.Rfe1 Bf4 25.Qd4 e5 26.Qd5+ Be6 27.Qa8+ Kg7 28.Rbd1 e4
29.Bxe4 fxe4 30.Qxe4 c3 31.Qd4 c2 32.Ra1 Kf7  0-1

[Event "Politiken Cup"]
[Site "Copenhagen DEN"]
[Date "2010.08.02"]
[Round "4"]
[White "Andersen,G"]
[Black "Munk,Po"]
[Result "0-1"]
[WhiteElo "1774"]
[BlackElo "1959"]

1.d4 d5 2.c4 e6 3.Nf3 c6 4.Nc3 Nf6 5.e3 Nbd7 6.Bd3 dxc4 7.Bxc4 b5 8.Bd3 a6
9.O-O Bb7 10.e4 Be7 11.Be3 c5 12.Re1 Rc8 13.Rc1 O-O 14.Bb1 cxd4 15.Bxd4 Bc5
16.Qd3 Bxd4 17.Nxd4 Nc5 18.Qd1 b4 19.e5 bxc3 20.exf6 cxb2 21.Rc3 g6 22.Nb3 Qxd1
23.Rxd1 Nxb3 24.Rxb3 Rc1 25.Rf1 Rxf1+ 26.Kxf1 Bc6 27.Rxb2 Bb5+ 28.Ke1 h5
29.a4 Bxa4 30.Bd3 Bb5 31.Bxb5 Rb8 32.Kd2 Rxb5 33.Rxb5 axb5 34.f4 Kf8 35.Kc3 Ke8
36.Kb4 Kd7 37.Kxb5 e5  0-1

[Event "Open"]
[Site "Szombathely HUN"]
[Date "2010.08.02"]
[Round "7"]
[White "Nemeth,D"]
[Black "Havanecz,B"]
[Result "0-1"]
[WhiteElo "2179"]
[BlackElo "1848"]

1.d4 d5 2.c4 c6 3.Nf3 Nf6 4.Nc3 e6 5.e3 Be7 6.Qc2 Nbd7 7.g4 b6 8.Rg1 Bb7
9.b3 Qc7 10.Be2 O-O-O 11.Bb2 Kb8 12.O-O-O Bb4 13.Ng5 Rdf8 14.f4 g6 15.h4 h5
16.f5 Qd6 17.fxg6 fxg6 18.Qxg6 Bxc3 19.Bxc3 Qh2 20.Qd3 Nxg4 21.Bxg4 hxg4
22.Nxe6 Rf6 23.Nf4 Qxa2 24.cxd5 cxd5 25.Rxg4 Rc8 26.Rg6 Qxb3 27.Kd2 Rxg6
28.Nxg6 Nf6 29.Ba1 Ne4+ 30.Ke1 Qa2 31.Qf1 Ba6 32.Qf4+ Ka8 33.Qf3 Qa5+  0-1

[Event "49th WJun"]
[Site "Chotowa POL"]
[Date "2010.08.03"]
[Round "1"]
[White "Herman,J"]
[Black "Firat,B"]
[Result "0-1"]
[WhiteElo "2094"]
[BlackElo "2420"]

1.d4 d5 2.c4 c6 3.Nf3 Nf6 4.Nc3 e6 5.e3 Nbd7 6.Qc2 Bd6 7.Bd3 O-O 8.O-O dxc4
9.Bxc4 b5 10.Bd3 Bb7 11.e4 e5 12.Rd1 Qc7 13.h3 a6 14.Bg5 Rfe8 15.dxe5 Nxe5
16.Be2 Nfd7 17.Rac1 Rac8 18.Nd4 Bf8 19.Nf5 f6 20.Be3 Rcd8 21.f4 Nf7 22.Bf3 g6
23.Ng3 Bh6 24.Nge2 Qb8 25.g3 Nf8 26.Bf2 Ne6 27.Nd4 Nxd4 28.Rxd4 Rxd4 29.Bxd4 Bg7
30.Rd1 Bc8 31.Kh2 Be6 32.Ne2 Rc8 33.Qc3 Bxa2 34.Qa3 Bc4 35.Qxa6 Qa8 36.Qxa8 Rxa8
37.Bc5 Bf8 38.Bxf8 Kxf8 39.Nd4 Ra2 40.Rd2 c5 41.Ne2 Bxe2 42.Rxe2 c4 43.e5 fxe5
44.fxe5 Ng5 45.Bc6 c3 46.Bxb5 cxb2 47.e6 Ke7 48.Bc4 b1=Q  0-1

[Event "Politiken Cup"]
[Site "Copenhagen DEN"]
[Date "2010.08.03"]
[Round "5"]
[White "Pallesen,Ja"]
[Black "Barane,S"]
[Result "1/2-1/2"]
[WhiteElo "2010"]
[BlackElo "1808"]

1.d4 d5 2.Nf3 Nf6 3.c4 c6 4.Nc3 e6 5.e3 Nbd7 6.b3 Bb4 7.Bb2 O-O 8.Bd3 c5
9.O-O cxd4 10.exd4 b6 11.cxd5 Bxc3 12.Bxc3 Nxd5 13.Bd2 N7f6 14.Ne5 Ne7 15.Bg5 Bb7
16.Bxf6 gxf6 17.Qh5 f5 18.Rad1 Ng6 19.Nf3 Nf4 20.Qh6 Bxf3 21.gxf3 Ng6 22.d5 Qh4  1/2-1/2

[Event "GM"]
[Site "Stara Pazova SRB"]
[Date "2010.08.03"]
[Round "4"]
[White "Bodiroga,P"]
[Black "Kosic,D"]
[Result "1/2-1/2"]
[WhiteElo "2406"]
[BlackElo "2512"]

1.d4 d5 2.c4 e6 3.Nc3 c6 4.e3 Nf6 5.Nf3 Nbd7 6.Qc2 Bd6 7.b3 O-O 8.Be2 b6
9.O-O Bb7 10.Bb2 Qe7 11.Rad1 Rfe8 12.Rfe1 Rad8 13.e4 Nxe4 14.Nxe4 dxe4 15.Qxe4 Nf6
16.Qh4 Ba3 17.Bc3 Bb4 18.Bxb4 Qxb4 19.Qf4 c5 20.dxc5 Qxc5 21.Qe5 Qxe5  1/2-1/2

[Event "Politiken Cup"]
[Site "Copenhagen DEN"]
[Date "2010.08.04"]
[Round "6"]
[White "Larsen,Mi"]
[Black "Satre,Roger"]
[Result "1-0"]
[WhiteElo "2088"]
[BlackElo "1801"]

1.d4 d5 2.c4 c6 3.Nf3 Nf6 4.Nc3 e6 5.e3 Bd6 6.Bd3 dxc4 7.Bxc4 b5 8.Bd3 a6
9.e4 Be7 10.O-O Bb7 11.a3 c5 12.dxc5 Bxc5 13.e5 Nd5 14.Ne4 Be7 15.Qe2 Nd7
16.Rd1 Nc5 17.Nxc5 Bxc5 18.Bxb5+ Ke7 19.Ba4 Qa5 20.Bc2 Rac8 21.b4 Nc3 22.Rd7+ Ke8
23.Qf1 Bxf3 24.bxa5 Be2 25.Qe1 Kxd7 26.Bb2 Bd4 27.Qd2 Rc4 28.Bxc3 Rhc8 29.Ba4+ Rxa4
30.Bxd4 Bb5 31.Bc5+  1-0

[Event "Politiken Cup"]
[Site "Copenhagen DEN"]
[Date "2010.08.04"]
[Round "6"]
[White "Sorensen,D"]
[Black "Christiansen,JeJ"]
[Result "1/2-1/2"]
[WhiteElo "1949"]
[BlackElo "2156"]

1.d4 d5 2.Nf3 Nf6 3.c4 c6 4.e3 e6 5.Nc3 Nbd7 6.cxd5 exd5 7.Bd3 Bd6 8.O-O O-O
9.b3 Re8 10.Qc2 Qe7 11.Bb2 Ne4 12.Ne2 f5 13.Ng3 Ndf6 14.Rae1 Bd7 15.Re2 Ng4
16.Rfe1 Qf6 17.a3 a5 18.Nf1 Ng5 19.Nxg5 Qxg5 20.f4 Qg6 21.Ng3 Rf8 22.Bc1 h5
23.Nf1 h4 24.Nd2 h3 25.g3 Nf6 26.Nf3 Ne4 27.Bxe4 dxe4 28.Ne5 Bxe5 29.dxe5 Rfc8
30.Qc5 b6 31.Qxb6 Rcb8  1/2-1/2

[Event "GM1 Valoz Cup"]
[Site "Olomouc CZE"]
[Date "2010.08.04"]
[Round "1"]
[White "Akesson,R"]
[Black "Sharma,Di"]
[Result "1/2-1/2"]
[WhiteElo "2470"]
[BlackElo "2365"]

1.d4 d5 2.c4 c6 3.Nc3 Nf6 4.e3 e6 5.Nf3 Nbd7 6.Qc2 Bd6 7.b3 O-O 8.Be2 dxc4
9.bxc4 e5 10.O-O Qe7 11.c5 Bc7 12.Bb2 Re8 13.Bc4 h6 14.h3 exd4 15.exd4 Nf8
16.Rad1 Be6 17.d5 cxd5 18.Nxd5 Nxd5 19.Bxd5 Bxd5 20.Rxd5 Rad8 21.Qc3 Ne6
22.Rh5 f6 23.Bc1 Nf4 24.Bxf4 Bxf4 25.Rh4 Bc7 26.g3 b6 27.Ra4 a5 28.Nd4 Qxc5
29.Rc4 Qd5 30.Rxc7 Qxd4  1/2-1/2

[Event "GM3 Proclient Cup"]
[Site "Olomouc CZE"]
[Date "2010.08.04"]
[Round "1"]
[White "Polak,T"]
[Black "Matsenko,S"]
[Result "1/2-1/2"]
[WhiteElo "2544"]
[BlackElo "2453"]

1.d4 d5 2.c4 c6 3.Nc3 Nf6 4.e3 e6 5.Nf3 a6 6.Qc2 c5 7.dxc5 Bxc5 8.a3 O-O
9.b4 Be7 10.Bb2 dxc4 11.Bxc4 b5 12.Ba2 Bb7 13.O-O Nbd7 14.Rfd1 Rc8 15.Rac1 Rc7
16.Qe2 Qb8 17.h3  1/2-1/2

[Event "Arctic Chess Challenge"]
[Site "Tromso NOR"]
[Date "2010.08.04"]
[Round "5"]
[White "Ivanisevic,I"]
[Black "Sandipan,C"]
[Result "1/2-1/2"]
[WhiteElo "2611"]
[BlackElo "2637"]

1.d4 d5 2.c4 c6 3.Nc3 Nf6 4.e3 e6 5.Nf3 Nbd7 6.Qc2 Bd6 7.Bd3 O-O 8.O-O dxc4
9.Bxc4 a6 10.Rd1 b5 11.Be2 Qc7 12.Ne4 Nxe4 13.Qxe4 e5 14.Qd3 exd4 15.Qxd4 Be7
16.Qf4 Qxf4 17.exf4 Bf6 18.Nd4 c5 19.Bf3 Ra7 20.Nc6 Rc7 21.Bd2 b4 22.Rac1 Bb7
23.Nxb4 Bxb2 24.Rc2 Bxf3 25.gxf3 Bf6 26.Be3 Rfc8 27.Nxa6 Rc6 28.Rxd7 Rxa6
29.Rxc5 Rxc5 30.Bxc5 Rxa2 31.f5 h6 32.Kg2 Ra5 33.Rc7 Be5 34.Rc6 Kh7 35.h3 Rb5
36.Be3 Bb2 37.Rc5 Rxc5 38.Bxc5 Be5 39.Be3  1/2-1/2

[Event "49th WJun"]
[Site "Chotowa POL"]
[Date "2010.08.05"]
[Round "3"]
[White "Swapnil,SD"]
[Black "Hovhannisyan,R"]
[Result "1/2-1/2"]
[WhiteElo "2426"]
[BlackElo "2529"]

1.d4 d5 2.c4 c6 3.Nc3 Nf6 4.e3 e6 5.Nf3 Nbd7 6.Qc2 Bd6 7.Bd3 O-O 8.O-O dxc4
9.Bxc4 b5 10.Be2 Bb7 11.Rd1 Qe7 12.e4 e5 13.dxe5 Nxe5 14.Nd4 g6 15.Bg5 Rfd8
16.Nb3 h6 17.Bh4 b4 18.Na4 g5 19.Bg3 c5 20.f3 Rac8 21.Na5 Ba8 22.b3 Nh5 23.Bf2 Nf4
24.Nb2 f5 25.Nac4 Bb8 26.Rxd8+ Rxd8 27.Rd1 Nxe2+ 28.Qxe2 Rxd1+ 29.Nxd1 fxe4
30.fxe4 Ng6 31.Qg4 Kh7 32.Qf5 Bxe4 33.Qxc5 Bc2 34.Qxe7+ Nxe7 35.Bc5 Nd5 36.Nde3 Nxe3
37.Bxe3 Bb1 38.a3 bxa3 39.Nxa3 Bd3 40.Kf2 Kg6 41.g4 Kf6 42.Bd4+ Ke6 43.h3 Kd5
44.Bg7 Bd6 45.Ke3 Bf1 46.Nc2 Ke6 47.Bxh6 Kf6 48.h4 gxh4 49.Bf4 Bc5+ 50.Kf3 Bb5
51.g5+ Kg6 52.Kg4 Be2+ 53.Kxh4 Bd1 54.Be3 Bxe3 55.Nxe3 Bxb3 56.Nf1 a5 57.Nd2 a4
58.Nb1 Kf5 59.Kh5 Ba2 60.Na3 Ke4 61.g6 Kd4 62.g7 Kc3 63.Kh6 Bg8 64.Kg5 Kb3
65.Nb5 Kc4 66.Na3+ Kb4 67.Nc2+ Kb3 68.Nd4+ Kc3 69.Nb5+ Kb4 70.Nd4 Kc4 71.Nc2 Kc3
72.Na3 Kb4 73.Nc2+ Kc4 74.Kf6 Kc3 75.Na3 Kb4 76.Nc2+ Kc3 77.Na3 Kb3 78.Nb5 Kb4
79.Nd4 a3 80.Nc2+ Kb3  1/2-1/2

[Event "19th Open"]
[Site "Kavala GRE"]
[Date "2010.08.05"]
[Round "7"]
[White "Grigorov,G"]
[Black "Sargissian,G"]
[Result "0-1"]
[WhiteElo "2503"]
[BlackElo "2673"]

1.d4 d5 2.Nf3 Nf6 3.c4 e6 4.Nc3 c6 5.e3 Nbd7 6.Qc2 b6 7.Be2 Bb7 8.O-O Bd6
9.e4 dxe4 10.Nxe4 Nxe4 11.Qxe4 Nf6 12.Qc2 c5 13.dxc5 bxc5 14.b3 Qc7 15.h3 O-O
16.Bb2 Rad8 17.Rad1 Bxf3 18.Bxf3 Bh2+ 19.Kh1 Be5 20.Bxe5 Qxe5 21.Rfe1 Qc7
22.Qc3 Rfe8 23.Kg1 a5 24.g3 Kf8 25.Kg2 Ke7 26.Qe3 h6 27.Qc3 Rxd1 28.Rxd1 Rd8
29.Rxd8 Qxd8 30.Qe5 Qd6 31.Qc3 Qc7 32.h4 h5 33.Qd2 g6 34.Qc3 Ne8 35.Qd2 Nd6
36.Qg5+ Ke8 37.Qe5 Kd7 38.Qf6 Qb6 39.Be2 Qb4 40.Qe5 Nf5 41.Bd3 Nd4 42.Be4 Qb6
43.Qg5 Ke8 44.Qe5 Ke7 45.Qg5+ Kf8 46.Qe5 Kg8 47.Qf4 Kg7 48.Qe5+ f6 49.Qf4 e5
50.Qe3 Qb4 51.Ba8 a4 52.bxa4 Qxa4 53.Qe4 Qxc4 54.Bd5 Qb5 55.Qe3 c4 56.Be4 Qb2
57.Qe1 c3 58.Qf1 c2 59.Qa6 c1=Q  0-1

[Event "IM2 Ceska pojistovna Cup"]
[Site "Olomouc CZE"]
[Date "2010.08.05"]
[Round "2"]
[White "Plischki,S"]
[Black "Gasik,An"]
[Result "1-0"]
[WhiteElo "2374"]
[BlackElo "2168"]

1.d4 d5 2.c4 c6 3.Nf3 Nf6 4.Nc3 e6 5.e3 Nbd7 6.Bd3 dxc4 7.Bxc4 b5 8.Be2 Bb7
9.O-O a6 10.e4 c5 11.e5 Nd5 12.a4 b4 13.Ne4 Qc7 14.Re1 h6 15.b3 Be7 16.Bb2 O-O
17.Rc1 Rac8 18.Nfd2 Qb8 19.Nc4 cxd4 20.Qxd4 Nc5 21.Nxc5 Bxc5 22.Qg4 Nc3 23.Bxc3 bxc3
24.Rxc3 f5 25.Qg6 Bd5 26.Rg3 Qa7 27.Rf1 Kh8 28.Nd2 Bd4 29.Nf3 Bxf3 30.Rxf3 Bxe5
31.Qxe6 Qb8 32.Rxf5 Bxh2+ 33.Kh1 Rxf5 34.Qxf5 Rf8 35.Qh3 Bd6 36.Bxa6 Bc5
37.Qg3 Qb4 38.Kg1 Qd4 39.Bc4 Bd6 40.Qd3 Qe5 41.g3 Bc5 42.Kg2 Qb2 43.Qe2 Qc3
44.f3 Qf6 45.Bd3 g6 46.Rc1 Qd4 47.Bxg6 Rg8 48.Bf7 Rg7 49.Rd1 Qf6 50.Bc4 Re7
51.Rd8+  1-0

[Event "Politiken Cup"]
[Site "Copenhagen DEN"]
[Date "2010.08.06"]
[Round "8"]
[White "Krasenkow,M"]
[Black "Kristinsson,Bj"]
[Result "1-0"]
[WhiteElo "2628"]
[BlackElo "2044"]

1.d4 d5 2.c4 c6 3.Nc3 Nf6 4.e3 e6 5.Nf3 Nbd7 6.Qc2 Be7 7.b3 O-O 8.Bb2 a6
9.Bd3 b5 10.c5 h6 11.Ne2 Qc7 12.b4 a5 13.a3 Re8 14.h3 axb4 15.axb4 Rxa1+
16.Bxa1 Bb7 17.O-O Ra8 18.Bc3 Bc8 19.Ne5 Nxe5 20.dxe5 Nd7 21.f4 f5 22.Nd4 Nf8
23.g4 g6 24.Kh1 Kf7 25.Rg1 Bd7 26.gxf5 exf5 27.e6+ Nxe6 28.Bxf5 Nxd4 29.Bxg6+ Kf8
30.Bxd4 Bxh3 31.Qh2 Qd7 32.f5  1-0

[Event "IM1 Winsoft Company Cup"]
[Site "Olomouc CZE"]
[Date "2010.08.06"]
[Round "3"]
[White "Luch,M"]
[Black "Antipov,M2"]
[Result "1-0"]
[WhiteElo "2387"]
[BlackElo "2238"]

1.d4 d5 2.c4 c6 3.Nf3 Nf6 4.Nc3 e6 5.e3 Nbd7 6.Qc2 Bd6 7.Be2 O-O 8.O-O dxc4
9.Bxc4 a6 10.Rd1 Qc7 11.e4 e5 12.h3 c5 13.dxe5 Nxe5 14.Nxe5 Bxe5 15.Nd5 Nxd5
16.Bxd5 Be6 17.Be3 Rac8 18.Rac1 c4 19.Qe2 Rfd8 20.Rxc4 Qb8 21.Rxc8 Rxc8 22.Bxe6 fxe6
23.Qd2 Rf8 24.Qd7 Qc8 25.b3 b5 26.Qxc8 Rxc8 27.f4 Bf6 28.Rc1 Ra8 29.Rc6 Kf7
30.Rc7+ Kg8 31.Kf2 a5 32.Ra7 Rc8 33.Rxa5 Rc2+ 34.Kf3 b4 35.g3 Rc3 36.Rc5 Rd3
37.Ke2 Rd8 38.Rc4 Ra8 39.Rxb4 Rxa2+ 40.Kf3 Rb2 41.Rb8+ Kf7 42.Rb7+ Ke8 43.Bc5 Rc2
44.Bb4 h5 45.g4 g6 46.g5 Bd8 47.f5 exf5 48.exf5 gxf5 49.g6 Rc6 50.g7 Rg6
51.Kf4 h4 52.Kxf5 Rg5+ 53.Kf4 Rg3 54.Bf8 Bf6 55.b4 Bc3 56.b5 Bd4 57.Ke4 Bf2
58.Bd6 Rg1 59.Rb8+ Kf7 60.Rf8+  1-0

[Event "49th WJun"]
[Site "Chotowa POL"]
[Date "2010.08.07"]
[Round "5"]
[White "Salem,AR"]
[Black "Panjwani,R"]
[Result "1-0"]
[WhiteElo "2469"]
[BlackElo "2395"]

1.d4 d5 2.c4 c6 3.Nc3 Nf6 4.Nf3 e6 5.e3 Nbd7 6.Bd3 Bd6 7.e4 dxe4 8.Nxe4 Nxe4
9.Bxe4 e5 10.O-O exd4 11.Qxd4 Qf6 12.Qd1 h6 13.Bc2 Ne5 14.Nxe5 Bxe5 15.Re1 O-O
16.Qd3 g6 17.Bxh6 Bf5 18.Qb3 Bxc2 19.Qxc2 Rfe8 20.Be3 Bxb2 21.Rab1 Bc3 22.Red1 b6
23.c5 bxc5 24.Bxc5 Be5 25.Qc4 Red8 26.Be3 Rxd1+ 27.Rxd1 Rd8 28.Rxd8+ Qxd8
29.f4 Qa5 30.Kf1 Bg7 31.a4 Qc7 32.Kf2 Bf8 33.h4 c5 34.h5 gxh5 35.Qd5 Qd6
36.Qxh5 c4 37.Qg4+ Kh8 38.f5 Qe5 39.Qd4 Bg7 40.Qxe5 Bxe5 41.Bxa7 Kh7 42.a5 c3
43.Ke2 c2 44.Be3 Bd4 45.Bc1 Kg7 46.Kd3 Be5 47.Kxc2  1-0

[Event "49th WJun"]
[Site "Chotowa POL"]
[Date "2010.08.07"]
[Round "5"]
[White "Jasiak,F"]
[Black "Drnovsek,N"]
[Result "1/2-1/2"]
[WhiteElo "1757"]
[BlackElo "2173"]

1.Nf3 d5 2.d4 Nf6 3.c4 c6 4.e3 e6 5.Nc3 Nbd7 6.Bd3 Bd6 7.O-O O-O 8.b3 dxc4
9.Bxc4 e5 10.Qc2 Qe7 11.dxe5 Nxe5 12.Nxe5 Qxe5 13.f4 Qh5 14.Ne4 Nxe4 15.Qxe4 Bf5
16.Qf3 Qg6 17.a4 Rfe8 18.Ba3 Bxa3 19.Rxa3 Qd6 20.Raa1 Qc5 21.Rfe1 b5 22.axb5 cxb5
23.Qd5 Qxd5 24.Bxd5 Rad8 25.e4 Kf8 26.Bc6 Bd7 27.Bxd7 Rxd7 28.Ra5 b4 29.Ra4 Rd4
30.Kf2 f5 31.Rxa7 fxe4 32.Ra2 Kf7 33.Rae2 Kf6 34.g4 g5 35.fxg5+ Kxg5 36.Kg3 Rc8
37.h4+ Kg6 38.Kf4 e3+ 39.Kg3 Rc3 40.Rxe3 h5 41.gxh5+ Kxh5 42.Rxc3 bxc3 43.Re5+ Kg6
44.Rc5 Rd3+ 45.Kf2 c2 46.Rxc2 Rxb3  1/2-1/2

[Event "49th WJun"]
[Site "Chotowa POL"]
[Date "2010.08.07"]
[Round "5"]
[White "Sethuraman,S"]
[Black "Kantans,T"]
[Result "1-0"]
[WhiteElo "2513"]
[BlackElo "2343"]

1.d4 d5 2.c4 c6 3.Nc3 Nf6 4.e3 e6 5.Nf3 Nbd7 6.Qc2 Be7 7.Bd3 dxc4 8.Bxc4 b5
9.Bd3 Bb7 10.e4 a6 11.e5 Nd5 12.Nxd5 cxd5 13.O-O Rc8 14.Qb1 h6 15.Bd2 O-O
16.Qe1 Qb6 17.Ba5 Qa7 18.Rd1 Bc6 19.Rc1 Rfe8 20.Qd2 Nf8 21.h4 Qb7 22.a3 Bd7
23.Bc3 Rc6 24.Rce1 b4 25.axb4 Rb8 26.b5 axb5 27.Bb4 Bxb4 28.Qxb4 Ra8 29.Rc1 Ra4
30.Qe7 b4 31.Rc5 Ra2 32.Rfc1 Rxc5 33.dxc5 Rxb2 34.Nd4 Rd2 35.c6 Bxc6 36.Nxc6 Qb6
37.Bh7+ Kxh7 38.Qxf7 Ng6 39.h5 Nh8 40.Qf8  1-0

[Event "FSGM August"]
[Site "Budapest HUN"]
[Date "2010.08.08"]
[Round "2"]
[White "Kosic,D"]
[Black "Hoang Thanh Trang"]
[Result "1/2-1/2"]
[WhiteElo "2488"]
[BlackElo "2501"]

1.d4 Nf6 2.c4 e6 3.Nf3 d5 4.Nc3 c6 5.e3 Nbd7 6.Bd3 dxc4 7.Bxc4 b5 8.Bd3 Bb7
9.e4 b4 10.Na4 c5 11.O-O cxd4 12.Re1 Be7 13.Bc4 h6 14.Qxd4 Qa5 15.b3 Nc5  1/2-1/2

[Event "14th HZ Open"]
[Site "Vlissingen NED"]
[Date "2010.08.08"]
[Round "3"]
[White "Duessel,U"]
[Black "Erdos,V"]
[Result "0-1"]
[WhiteElo "2271"]
[BlackElo "2592"]

1.d4 Nf6 2.c4 e6 3.Nf3 d5 4.Nc3 c6 5.e3 Nbd7 6.Qc2 Bd6 7.Bd3 O-O 8.O-O dxc4
9.Bxc4 b5 10.Bd3 Bb7 11.a3 Qe7 12.Bd2 a5 13.e4 e5 14.Ne2 Rfd8 15.Rad1 c5
16.dxe5 Nxe5 17.Nxe5 Bxe5 18.f4 c4 19.Bxc4 Bxe4 20.Qc1 Bb8 21.Bxb5 Ba7+ 22.Be3 Ng4
23.Bd4 Qh4 24.h3 Rxd4 25.Rxd4 Bxd4+ 26.Nxd4 Qg3  0-1

[Event "49th WJun"]
[Site "Chotowa POL"]
[Date "2010.08.09"]
[Round "6"]
[White "Panjwani,R"]
[Black "Ter Sahakyan,S"]
[Result "1-0"]
[WhiteElo "2395"]
[BlackElo "2525"]

1.Nf3 d5 2.c4 c6 3.e3 Nf6 4.Nc3 e6 5.d4 Nbd7 6.Bd3 dxc4 7.Bxc4 b5 8.Be2 Bb7
9.O-O b4 10.Na4 c5 11.dxc5 Bxc5 12.Nxc5 Nxc5 13.Bb5+ Ke7 14.Qe2 Qb6 15.b3 Rhd8
16.Bb2 Bxf3 17.gxf3 Rd5 18.Bc4 Rf5 19.Kh1 Qb7 20.e4 Rh5 21.Rg1 g6 22.Qe3 Qc7
23.Rg2 Nfd7 24.a3 bxa3 25.Bxa3 Kf8 26.Be2 Kg8 27.f4 Rh4 28.Rc1 Qxf4 29.Bxc5 Rc8
30.Ba3 Rxc1+ 31.Bxc1 Qxe4 32.Qxe4 Rxe4 33.f3 Rb4 34.Bc4 Ne5 35.Ba3 Rb7 36.f4 Nc6
37.Bb2 Rd7 38.Bc3 Rd1+ 39.Rg1 Rd6 40.Ra1 h6 41.Ra6 g5 42.fxg5 hxg5 43.Kg2  1-0

[Event "ch-SLO w"]
[Site "Ljubljana SLO"]
[Date "2010.08.09"]
[Round "3"]
[White "Stevanec,L"]
[Black "Rozic,V"]
[Result "0-1"]
[WhiteElo "2129"]
[BlackElo "2287"]

1.d4 d5 2.c4 e6 3.Nf3 Nf6 4.Nc3 c6 5.e3 Nbd7 6.Bd3 Bd6 7.cxd5 exd5 8.O-O O-O
9.Re1 h6 10.h3 Re8 11.Qc2 Nf8 12.a3 a5 13.Bd2 Bd7 14.e4 dxe4 15.Nxe4 Nxe4
16.Bxe4 Be6 17.Ne5 Bc7 18.Be3 Bd5 19.Bxd5 Qxd5 20.f4 Rad8 21.Qf2 Nd7 22.Rac1 Bb6
23.Kh1 Nf6 24.Nf3 Ne4 25.Qc2 Ng3+ 26.Kh2 Nf5 27.Bf2 Nxd4 28.Bxd4 Bxd4 29.Rxe8+ Rxe8
30.Rd1 c5 31.Ne5 b5 32.Qd3 Qb7 33.Qf5 Qc7 34.Nf3 g6 35.Qg4 Re4 36.g3 h5 37.Qg5 Re2+
38.Kh1 Qc6 39.Rf1 Re1 40.Rxe1 Qxf3+ 41.Kh2  0-1

[Event "ch-CRC"]
[Site "San Jose CRC"]
[Date "2010.08.09"]
[Round "13"]
[White "Alfaro Rojas,A"]
[Black "Bermudez,S"]
[Result "1-0"]
[WhiteElo "2188"]
[BlackElo "2183"]

1.d4 d5 2.c4 c6 3.Nc3 e6 4.e3 Nf6 5.Nf3 Bd6 6.Bd3 dxc4 7.Bxc4 b5 8.Bd3 Bb7
9.O-O Nbd7 10.e4 e5 11.Ne2 a6 12.Ng3 g6 13.Bh6 Ng4 14.Bg5 f6 15.Bd2 exd4
16.Nxd4 h5 17.Be2 Nde5 18.h3 h4 19.Ngf5 gxf5 20.Nxf5 Nxf2 21.Bh5+ Nf7 22.Bxf7+ Kxf7
23.Qb3+ Kg6 24.Rxf2 Be5 25.Qf3 Qc7 26.Qg4+ Kf7 27.Qg7+ Ke6 28.Nd4+ Kd6 29.Rxf6+ Bxf6
30.Qxf6+ Kd7 31.Qe6+  1-0

[Event "49th WJun"]
[Site "Chotowa POL"]
[Date "2010.08.10"]
[Round "7"]
[White "Cori,J"]
[Black "Pavlidis,Ana"]
[Result "1-0"]
[WhiteElo "2486"]
[BlackElo "2359"]

1.d4 d5 2.Nf3 Nf6 3.c4 c6 4.e3 e6 5.Nc3 Nbd7 6.Qc2 Bd6 7.b3 O-O 8.Bd3 e5
9.cxd5 cxd5 10.Nb5 Bb4+ 11.Bd2 Bxd2+ 12.Nxd2 e4 13.Be2 a6 14.Nc3 Re8 15.O-O Nf8
16.Rfc1 Ng4 17.Nf1 Qg5 18.Na4 Re6 19.Bxg4 Qxg4 20.Qc7 Qg6 21.Rc5 Rd6 22.Rac1 h5
23.Nc3 Qe6 24.Ne2 Rd7 25.Qg3 Rd8 26.Qg5 Qd6 27.Qxh5 Ne6 28.R5c3 Qf8 29.Nf4 g6
30.Qe5 Nxf4 31.exf4 Bd7 32.Ne3 Bc6 33.Ng4 Qd6 34.Qg5 f5 35.Ne5  1-0

[Event "Twente Young Masters"]
[Site "Enschede NED"]
[Date "2010.08.10"]
[Round "3"]
[White "Miedema,David"]
[Black "Zherebukh,Y"]
[Result "1/2-1/2"]
[WhiteElo "2414"]
[BlackElo "2572"]

1.d4 d5 2.c4 c6 3.Nc3 Nf6 4.e3 e6 5.Nf3 Nbd7 6.Bd3 dxc4 7.Bxc4 b5 8.Be2 a6
9.O-O Bb7 10.e4 Be7 11.a4 b4 12.e5 bxc3 13.exf6 Nxf6 14.bxc3 c5 15.a5 O-O
16.Ne5 Qc7 17.Qd3 Bd6 18.Bf4 Nd5 19.Bg3 f5 20.Rfe1 f4 21.Bh4 Bxe5 22.dxe5 g5
23.Bxg5 Qg7 24.Rab1 Bc6 25.h4 h6 26.Qh3 Rae8 27.Bf6 Nxf6 28.exf6 Rxf6 29.Bh5 Ref8
30.Rb6 Bd5 31.Qg4 Ra8 32.Re5 Rff8 33.Qxg7+ Kxg7 34.Bf3 Rad8 35.Bg4 Kf6 36.Rf5+ Ke7
37.Rxf8 Rxf8 38.Rxa6 Rg8 39.f3 Rb8 40.Ra7+ Kd6 41.Rh7 Rb3 42.Rxh6 Rxc3 43.h5 Rc1+
44.Kh2 c4 45.Rg6 c3 46.h6 c2 47.h7 Rh1+ 48.Kxh1 c1=Q+ 49.Kh2 Qe1  1/2-1/2

[Event "8th Gyorgy Marx GM"]
[Site "Paks HUN"]
[Date "2010.08.10"]
[Round "5"]
[White "Timman,J"]
[Black "Robson,R"]
[Result "1/2-1/2"]
[WhiteElo "2586"]
[BlackElo "2562"]

1.c4 e6 2.Nc3 d5 3.d4 c6 4.e3 Nf6 5.Nf3 Nbd7 6.Qc2 Bd6 7.Bd3 O-O 8.O-O e5
9.cxd5 cxd5 10.e4 dxe4 11.Nxe4 Nxe4 12.Bxe4 h6 13.Be3 exd4 14.Bxd4 Nf6 15.Rfe1 Qc7
16.a3 Rd8 17.Qxc7 Bxc7 18.Rac1 Bd6 19.Bxf6 gxf6 20.g3 Be6 21.Nd4 Be5 22.Nxe6 fxe6
23.Re2 Rd7 24.Bf3 Rad8 25.Rcc2 Kf7 26.Bg4 Re7 27.Rc4 Rd4 28.Bh5+ Kg7 29.Rc8 Bc7
30.h3 e5 31.Bg4 Rd8 32.Rxd8 Bxd8 33.Bf5 Bb6 34.Re4 Rc7 35.Rg4+ Kf7 36.Rg6 Rd7
37.Rxf6+ Kxf6 38.Bxd7 e4 39.Kf1 Bd4 40.b3 a5 41.Ke2 Ke5  1/2-1/2

[Event "ch-FRA NatB"]
[Site "Belfort FRA"]
[Date "2010.08.11"]
[Round "3"]
[White "Housieaux,D"]
[Black "Benitah,Y"]
[Result "1-0"]
[WhiteElo "2423"]
[BlackElo "2382"]

1.d4 d5 2.c4 c6 3.Nf3 e6 4.e3 Nf6 5.Nc3 Nbd7 6.Bd3 dxc4 7.Bxc4 b5 8.Bd3 a6
9.O-O Bb7 10.a4 Bd6 11.Ng5 h6 12.Nge4 Be7 13.Qf3 O-O 14.Rd1 Qc7 15.Nxf6+ Nxf6
16.e4 c5 17.Bf4 Qb6 18.a5 Qa7 19.d5 b4 20.d6 Bd8 21.Na4 c4 22.Bb1 Bc6 23.Be3 Qb7
24.Nc5 Qb5 25.Qe2 e5 26.Rc1 Bxa5 27.b3 Bd8 28.bxc4 Qb8 29.Nxa6 Qc8 30.c5 Qb7
31.Bd3 Nxe4 32.Qb2 Nf6 33.Qxb4 Qc8 34.Bf1 Nd5 35.Qc4 Nxe3 36.fxe3 Bg5 37.Re1 Ra7
38.e4 Qg4 39.Ra2 Rfa8 40.Qd3 Qc8 41.Kh1 Qg4 42.Qf3 Qc8 43.Bc4 Kh8 44.Nb4 Rxa2
45.Nxa2 Bf4 46.Bxf7 Qb7 47.Qb3 Qa7 48.Nb4 Bxe4 49.Bd5 Bxd5 50.Qxd5 Qa5 51.Rd1 Bg5
52.Nc6 e4 53.Nxa5  1-0

[Event "Negroponte Open"]
[Site "Chalkis GRE"]
[Date "2010.08.11"]
[Round "3"]
[White "Kostopoulos,E"]
[Black "Kapnisis,S"]
[Result "1/2-1/2"]
[WhiteElo "2189"]
[BlackElo "2514"]

1.d4 d5 2.Nf3 Nf6 3.c4 e6 4.Nc3 c6 5.e3 Nbd7 6.Qc2 Bd6 7.Bd3 O-O 8.O-O dxc4
9.Bxc4 b5 10.Be2 Bb7 11.Rd1 Qb8 12.e4 e5 13.dxe5 Nxe5 14.Nd4 Ned7 15.g3 g6
16.Bf3 Re8 17.Bg5 a6 18.Bxf6 Nxf6 19.e5 Bxe5 20.Nxc6 Qc7 21.Nxe5 Rxe5 22.Bxb7 Qxb7
23.Re1 Rae8 24.Rxe5 Rxe5 25.Rd1 h5 26.h4 Qc8 27.Qd3 Qh3 28.Qf1 Qg4 29.Re1 Rf5
30.a3 Qd4 31.Rd1 Qb6 32.Rd2 a5 33.Qd3 Kg7 34.Ne4  1/2-1/2

[Event "Twente Young Masters"]
[Site "Enschede NED"]
[Date "2010.08.11"]
[Round "4"]
[White "Miedema,David"]
[Black "Iotov,V"]
[Result "0-1"]
[WhiteElo "2414"]
[BlackElo "2581"]

1.d4 d5 2.c4 c6 3.Nc3 Nf6 4.e3 e6 5.Nf3 a6 6.c5 Nbd7 7.b4 g6 8.Bb2 Bg7 9.Be2 O-O
10.O-O Qe7 11.Qc2 e5 12.dxe5 Nxe5 13.Nxe5 Qxe5 14.Nb5 Qg5 15.Nd6 Ne8 16.Bxg7 Kxg7
17.Nxc8 Rxc8 18.e4 dxe4 19.Qxe4 Nf6 20.Qc4 Rcd8 21.Rad1 Rfe8 22.Bf3 Qe5 23.a4 Rxd1
24.Rxd1 Re7 25.b5 axb5 26.axb5 cxb5 27.Qxb5 b6 28.Rc1 bxc5 29.g3 Rc7 30.Bc6 Ng4
31.Qxc5 Qf6 32.f4 Qe6 33.Qc3+ f6 34.Rc2 Re7 35.Rb2 Qd6 36.Rd2 Re1+ 37.Kg2 Qe6
38.Qc5 Re2+ 39.Rxe2 Qxe2+ 40.Kg1 Qxh2+ 41.Kf1 Qxg3 42.Qd4 Ne3+ 43.Ke2 Nf5
44.Qe4 Qc3 45.Kf2 Qd2+ 46.Kg1 h5 47.Be8 h4 48.Qb7+ Kh6 49.Qf7 Qc1+ 50.Kg2 h3+
51.Kxh3 Qh1+ 52.Kg4 Qg2+  0-1

[Event "Twente Young Masters"]
[Site "Enschede NED"]
[Date "2010.08.11"]
[Round "5"]
[White "Iotov,V"]
[Black "Zherebukh,Y"]
[Result "1/2-1/2"]
[WhiteElo "2581"]
[BlackElo "2572"]

1.d4 d5 2.c4 c6 3.Nc3 Nf6 4.e3 e6 5.Nf3 Nbd7 6.Qc2 Bd6 7.Bd3 O-O 8.O-O dxc4
9.Bxc4 a6 10.Rd1 b5 11.Bf1 Qc7 12.e4 e5 13.g3 Re8 14.Bg2 Rb8 15.Bg5 h6 16.Bxf6 Nxf6
17.dxe5  1/2-1/2

[Event "ch-SLO"]
[Site "Ljubljana SLO"]
[Date "2010.08.11"]
[Round "5"]
[White "Tratar,M"]
[Black "Lenic,L"]
[Result "1/2-1/2"]
[WhiteElo "2505"]
[BlackElo "2602"]

1.d4 Nf6 2.Nf3 e6 3.c4 d5 4.Nc3 c6 5.e3 Nbd7 6.Qc2 Bd6 7.Bd3 dxc4 8.Bxc4 b5
9.Bd3 Bb7 10.Ne4 Nxe4 11.Bxe4 Rc8 12.Bd2 a5  1/2-1/2

[Event "5th FIDE GP w"]
[Site "Ulaanbaatar MGL"]
[Date "2010.08.11"]
[Round "11"]
[White "Zhao Xue"]
[Black "Sebag,M"]
[Result "1/2-1/2"]
[WhiteElo "2462"]
[BlackElo "2519"]

1.c4 c6 2.Nc3 d5 3.d4 Nf6 4.e3 e6 5.Nf3 Nbd7 6.Qc2 Bd6 7.b3 O-O 8.Be2 b6
9.O-O Bb7 10.Bb2 Qe7 11.Rad1 Rad8 12.Rfe1 Rfe8 13.Bf1 c5 14.cxd5 exd5 15.g3 Rc8
16.Bh3 Ne4 17.Qb1 c4 18.Nxe4 dxe4 19.Ne5 Bxe5 20.dxe5 Rcd8 21.e6 fxe6 22.bxc4 Qf7
23.Qc2 Nc5 24.Rxd8 Rxd8 25.Qc3 e5 26.Rf1 Nd3 27.Ba3 Ba6 28.Bg2 Bxc4 29.Qc2 Bd5
30.f3 Bxa2 31.fxe4 Qc4 32.Qe2 b5 33.Qd2 h6 34.Qa5 Re8 35.Bd6 b4 36.Qa4 Rd8
37.Be7 Rb8 38.Bh3 Bb3 39.Qxa7 Re8 40.Qd7 Ra8 41.Bd8 Ra6 42.Qe8+ Kh7 43.Bf5+ g6
44.Qd7+ Kg8 45.Bg4 Qxe4 46.Qe8+ Kh7 47.Rf7+ Bxf7 48.Qxf7+ Kh8 49.Bf6+ Rxf6
50.Qxf6+ Kh7 51.Qf7+ Kh8  1/2-1/2